| 000 | 01225cam a2200253 4500 | ||
|---|---|---|---|
| 001 | WB3715-17 | ||
| 008 | 000000n2001 000 0 eng u | ||
| 035 | _a(Sirsi) u112001 | ||
| 245 | _aBroadband investment urged for London e-business | ||
| 260 | _c2001 | ||
| 490 |
_aFinancial Times _v 11 April 2001, 10(1) |
||
| 520 | _aThe Greater London Authority's "Report on London's competitiveness through the impact of e-business" published 10 April 2001 warns that London risks being overtaken by Amsterdam and Frankfurt as the European capital for e-commerce. A lack of affordable broadband access outside the Square Mile and skills shortages could slow London down. A recent Oftel report reveals UK broadband prices are more expensive than in Europe or the US. One of the report's proposals is that measures be put in place to encourage technology to be installed in new buildings. | ||
| 590 | _aWB | ||
| 650 | _aGREATER LONDON AUTHORITY | ||
| 650 | _aLONDON | ||
| 650 | _aCITY OF LONDON | ||
| 650 | _aSKILLS SHORTAGES | ||
| 650 | _aBROADBAND TECHNOLOGY | ||
| 650 | _aAMSTERDAM | ||
| 650 | _aFRANKFURT | ||
| 650 | _aE-COMMERCE | ||
| 690 | _aMANAGEMENT-BUSINESS MANAGEMENT-INFORMATION MANAGEMENT | ||
| 942 | _n0 | ||
| 999 |
_c66718 _d66718 |
||